Statistics for Countries With the Most Influential People

Click here to take the quiz!

General Stats

  • This quiz has been taken 48 times
  • The average score is 16 of 22

Answer Stats

HintAnswer% Correct
7Germany
100%
19United Kingdom
100%
25United States
100%
5Russia
98%
7France
95%
13Italy
95%
2Spain
95%
1China
93%
1India
93%
1Canada
85%
1Turkey
83%
2Austria
78%
2Portugal
76%
1Switzerland
73%
2Poland
71%
1Ireland
63%
1Denmark
54%
1South Africa
54%
2Czechia
49%
1Venezuela
27%
1Mongolia
24%
1Georgia
20%

Score Distribution

Percentile by Number Answered

Percent of People with Each Score

Your Score History

You have not taken this quiz